000 00659nam a2200277Ia 4500
005 20260324111758.0
008 008 260324s9999 xx 000 0 eng d
020 _a9788770048002
037 _aEBOOK
040 _aCRL
040 _beng
040 _cCRL
041 _2eng
041 _aeng
084 _qCRL
100 _aJason Livingston
_91139984
245 0 _aFundamentals of Energy Efficient Lighting and Controls
260 _bTaylor and Francis
260 _c2025
365 _a
365 _b225
856 _uhttp://www.taylorfrancis.com/books/9788770048002
942 _cEBOOK
999 _c1728904
_d1728904